000 00406nam a2200157 i 4500
001 bg
245 0 _aFizika tonkich plenok.
_nT. 7 /
_cPod red. G. Hassa [i in.] ; Perev. s ang.
260 _aMoskva,
_c1977.
300 _as. 443 :
_brys., ilustr., tab.
700 1 _aHass, Georg.
_eRed.
040 _cBPK
041 _apol
080 _a538.9
942 _cKS
008 s pl f |000 0 pol
999 _c17935
_d17935
856 _uhttp://koha.tu.koszalin.pl/cgi-bin/koha/opac-detail.pl?biblionumber=17935
_yKatalog online BPK